000 01038nam a2200277Ia 4500
003 OSt
005 20221005103156.0
006 a|||||r|||| 00| 0
007 ta
008 221004b |||||||| |||| 00| 0 hin d
020 _a9789385389429 (pbk)
_cIndian Rupees 150
024 _a33820
037 _bGift, 03/10/2017,
_cTextual
040 _aCRL
_cCRL
_bhin
041 _2hin
_ahin
082 _aO152,1N48x, Q5
100 _aउद्भ्रान्त, ले.
245 0 _aसमय के अश्व परः गीत-यात्रा की अर्द्धशती
246 _aSamaya ke ashva parah gīta-yātrā kī arddhashatī
260 _aकानपुर
_bअमन प्रकाशन भारत
_c2015
300 _a272पृ0
_ccm.
650 _a हिन्दी साहित्य
650 _aहिन्दी कविता
942 _hO152,1N48x, Q5
_cTEXL
_2cc
999 _c1009566
_d1009566